000 00587nam a2200217Ia 4500
005 20241129104215.0
008 241129s9999||||xx |||||||||||||| ||und||
020 _a9780367436278
037 _aTextual
040 _aRTL
_beng
_cRTL
041 _aeng
_2eng
084 _aY7 R0
_qRTL
100 _aTang Shiping
_9324156
245 0 _aOn social evolution: Phenomenon and paradigm
_cTang Shiping
260 _aLondon
_bRoutledge
_c2020
300 _aviii,249p.
365 _aINR
_b3770.76
650 _aDrama
_9663379
942 _cTB
_hY7 R0
999 _c1224883
_d1224883